Gaming Quiz

Random Gaming or Board Games Quiz

Battleship Vessels Quiz Stats

 Plays Quiz Updated Jul 21, 2014

     
Support Sporcle.
Go Orange.
Score 0/5 Timer 00:30
0 Plays Today
Size Vessels % Correct
4Battleship
88.6%
5Aircraft Carrier
86.6%
3Submarine
79%
2Destroyer
75.3%
3Cruiser
58.3%

From the Vault

Finish That Word

by gazzso

Sometimes, we need to bring in a relief pitcher to finish out the word.
Remove Ads.
Support Sporcle.
Get the best of Sporcle when you Go Orange. This ad-free experience offers more features, more stats, and more fun while also helping to support Sporcle. Thank you for becoming a member.

Show Comments

Extras

Top Quizzes Today


Score Distribution

Your Account Isn't Verified!

In order to create a playlist on Sporcle, you need to verify the email address you used during registration. Go to your Sporcle Settings to finish the process.

Report this User

Report this user for behavior that violates our Community Guidelines.

Details: